000 01396nam a2200349 i 4500
003 EG-GICUC
005 20260121101502.0
008 251214s1981 ua ||||f |||| 00| 0 ara d
017 _a19813756
020 _a9772564637
040 _a EG-GICUC
_bara
_c EG-GICUC
_d EG-GICUC
_erda
041 0 _aara
082 0 4 _221
_a341.01
_bس ل . ن
092 0 4 _221
099 _aLaw1 11 341.01 س ل . ن 1981
100 0 _aسليمان عبد المجيد.
_eمؤلف.
245 1 2 _aالنظرية العامة للقواعد الامرة فى النظام القانونى الدولى /
_cسليمان عبد المجيد.
264 1 _aالقاهرة :
_bدار النهضة العربية،
_c1981.
300 _a457 صفحة ;
_c24 سم.
336 _2rda content
_atext
337 _2rda media
_aComputer
338 _2rda carrier
_aOnline Resource
500 _aاهداء مكتبة ا.د. صلاح عامر
504 _aيحتوي على ارجاعات ببليوجرافية يحتوي على قائمة بالمراجع
546 _aالنص أغلبه باللغة العربية بعض النصوص الإنجليزية والفرنسية
650 1 4 _aالقانون الدولي العام
_2qrmak
650 1 4 _aفلسفة ونظريات
651 1 _2qrmak
856 4 0 _uhttps://fll.law.cu.edu.eg/fulltext/bks/B11-05148.pdf
905 _a75
942 _2ddc
_cBK
_e21
_n0
999 _c50403
_d50403